[Event "24. Erfurter Schachfestival 2014 - Meis"]
[Site "Erfurt"]
[Date "2014.12.28"]
[Round "5.6"]
[White "Berelowitsch, Alexander"]
[Black "Skibbe, Willi"]
[Result "1/2-1/2"]
[WhiteElo "2543"]
[BlackElo "2279"]
[PlyCount "118"]
[EventDate "2014.12.26"]
[EventRounds "8"]
[EventCountry "GER"]
[Source "24. ESF 2014"]
[SourceDate "2014.12.30"]

1. e4 c5 2. Nf3 d6 3. d4 cxd4 4. Nxd4 Nf6 5. Nc3 a6 6. g3 e5 7. Nb3 Be7 8. Bg2
O-O 9. O-O b5 10. a4 b4 11. Nd5 Nxd5 12. Qxd5 Ra7 13. Be3 Be6 14. Qd3 Rd7 15.
Rfc1 Qc8 16. c3 Nc6 17. Nd2 Qb7 18. f4 f6 19. Nc4 Rb8 20. Nb6 Rdd8 21. a5 Bf8
22. Qd2 Ne7 23. cxb4 d5 24. Qc2 d4 25. Bd2 Nc8 26. Qc6 Qxc6 27. Rxc6 Rd6 28.
Rxd6 Bxd6 29. Bf1 Nxb6 30. axb6 Rxb6 31. Rxa6 Rxa6 32. Bxa6 Kf8 33. Kf2 Ke7 34.
f5 Bb3 35. Ke2 Bc2 36. Bd3 Bb3 37. Bb5 Bc2 38. Bc6 Kd8 39. b5 d3+ 40. Ke1 Bc5
41. Ba5+ Kc8 42. b6 Be3 43. b7+ Kb8 44. Bd2 Bxd2+ 45. Kxd2 Bb1 46. Bd5 Bc2 47.
Kc3 Bb1 48. h4 h6 49. Kd2 Bc2 50. Ke1 Kc7 51. Kd2 Kb8 52. Kc3 Bb1 53. g4 Kc7
54. b3 Bc2 55. Kd2 Kb8 56. b4 Kc7 57. Bc4 Kxb7 58. Bxd3 Ba4 59. Kc3 Kb6 1/2-1/2

[Event "24. Erfurter Schachfestival 2014 - Meis"]
[Site "Erfurt"]
[Date "2014.12.28"]
[Round "5.7"]
[White "Poetsch, Hagen"]
[Black "Huesmann, Thomas"]
[Result "1-0"]
[WhiteElo "2496"]
[BlackElo "2216"]
[PlyCount "71"]
[EventDate "2014.12.26"]
[EventRounds "8"]
[EventCountry "GER"]
[Source "24. ESF 2014"]
[SourceDate "2014.12.30"]

1. e4 e5 2. Nf3 Nc6 3. Bc4 Nf6 4. Ng5 d5 5. exd5 Na5 6. Bb5+ c6 7. dxc6 bxc6 8.
Bd3 h6 9. Ne4 Nd5 10. O-O Be7 11. Ng3 O-O 12. Bf5 Ba6 13. d3 Bg5 14. Bxg5 Qxg5
15. Nd2 c5 16. Nf3 Qf6 17. Re1 Nc6 18. Bd7 Nd4 19. Nxe5 Rfd8 20. c3 Ne6 21. Ng4
Qg6 22. Bxe6 fxe6 23. Ne5 Qe8 24. Nh5 Nf6 25. Nxf6+ gxf6 26. Qg4+ Kh7 27. Qe4+
f5 28. Qh4 Rab8 29. Re3 Rxb2 30. Rh3 Qf8 31. Qg5 Qg7 32. Qxd8 Qxe5 33. Rg3 Rb8
34. Qe7+ Kh8 35. d4 cxd4 36. f4 1-0

[Event "24. Erfurter Schachfestival 2014 - Meis"]
[Site "Erfurt"]
[Date "2014.12.28"]
[Round "5.8"]
[White "Haag, Wolfgang"]
[Black "Kollars, Dmitrij"]
[Result "0-1"]
[WhiteElo "2216"]
[BlackElo "2347"]
[PlyCount "58"]
[EventDate "2014.12.26"]
[EventRounds "8"]
[EventCountry "GER"]
[Source "24. ESF 2014"]
[SourceDate "2014.12.30"]

1. f4 Nf6 2. Nf3 d5 3. e3 g6 4. Be2 Bg7 5. O-O O-O 6. d3 c5 7. Nc3 Nc6 8. Ne5
Qc7 9. Nxc6 bxc6 10. e4 e5 11. fxe5 Qxe5 12. Bf3 Be6 13. Qe1 d4 14. Ne2 c4 15.
b3 cxd3 16. cxd3 Nd7 17. Nf4 a5 18. Be2 c5 19. Bd2 a4 20. Bd1 Qd6 21. bxa4 Ne5
22. Qg3 Qa6 23. Nxe6 fxe6 24. Be2 c4 25. Bf4 Nxd3 26. Bxd3 cxd3 27. Be5 Rxf1+
28. Rxf1 d2 29. Rb1 Qe2 0-1

[Event "24. Erfurter Schachfestival 2014 - Meis"]
[Site "Erfurt"]
[Date "2014.12.28"]
[Round "5.9"]
[White "Souleidis, Georgios"]
[Black "Schöne, Maria"]
[Result "1-0"]
[WhiteElo "2384"]
[BlackElo "2236"]
[PlyCount "67"]
[EventDate "2014.12.26"]
[EventRounds "8"]
[EventCountry "GER"]
[Source "24. ESF 2014"]
[SourceDate "2014.12.30"]

1. e4 c5 2. f4 Nc6 3. Nf3 d6 4. Bb5 Bd7 5. b3 e6 6. O-O Qb6 7. c4 O-O-O 8. Bb2
Nf6 9. d3 Be7 10. Nbd2 Ng4 11. Qe2 Bf6 12. e5 dxe5 13. fxe5 Be7 14. Ne4 Nb4 15.
Ne1 Nh6 16. a3 Bxb5 17. axb4 cxb4+ 18. d4 Bc6 19. Nc2 Kb8 20. Kh1 Rhf8 21. d5
exd5 22. Bd4 Qc7 23. Bxa7+ Kc8 24. Nd6+ Bxd6 25. exd6 Qxd6 26. c5 Qe6 27. Qf2
Ng4 28. Qg3 Kd7 29. Bb6 Rc8 30. Nd4 Qg6 31. Rae1 h5 32. Ne6 Nf2+ 33. Rxf2 Qxg3
34. Nxf8+ 1-0

[Event "24. Erfurter Schachfestival 2014 - Meis"]
[Site "Erfurt"]
[Date "2014.12.28"]
[Round "5.10"]
[White "Wichmann, Cliff"]
[Black "Puth, Dieter"]
[Result "1-0"]
[WhiteElo "2361"]
[BlackElo "2184"]
[PlyCount "108"]
[EventDate "2014.12.26"]
[EventRounds "8"]
[EventCountry "GER"]
[Source "24. ESF 2014"]
[SourceDate "2014.12.30"]

1. d4 Nf6 2. c4 g6 3. Nc3 d5 4. Bf4 Bg7 5. e3 O-O 6. Nf3 c5 7. dxc5 Qa5 8. Rc1
dxc4 9. Bxc4 Qxc5 10. Bb3 Nc6 11. O-O Qa5 12. Qe2 Bg4 13. h3 Bh5 14. Qb5 Bxf3
15. gxf3 Nh5 16. Qxb7 Nxf4 17. exf4 Nd4 18. Bd5 e6 19. b4 Qa3 20. Qxa8 Rxa8 21.
Bxa8 Qxb4 22. Kg2 Qb8 23. Be4 f5 24. Nd5 Kf8 25. Rc7 exd5 26. Rfc1 Qb5 27. a4
Qa6 28. Bxd5 Ne2 29. Rc8+ Ke7 30. R1c7+ Kd6 31. Rc6+ Qxc6 32. Bxc6 Nxf4+ 33.
Kh2 Be5 34. Bb5 Ne2+ 35. Kh1 Nd4 36. Kg2 Ne6 37. h4 Nf4+ 38. Kf1 Bd4 39. Rd8+
Kc5 40. Rd7 a5 41. Rxh7 Kb4 42. Be8 Bf6 43. Rb7+ Kc4 44. Rb5 Bd8 45. Bf7+ Kd4
46. h5 gxh5 47. Rxf5 Bc7 48. Bxh5 Be5 49. Be8 Ne6 50. Bb5 Nf4 51. Rf7 Bd6 52.
Kg1 Nh3+ 53. Kf1 Nf4 54. Ra7 Bb4 {

[Event "24. Erfurter Schachfestival 2014 - Meis"]
[Site "Erfurt"]
[Date "2014.12.29"]
[Round "6.1"]
[White "Vogel, Roven"]
[Black "Eichner, Sebastian"]
[Result "1-0"]
[WhiteElo "2402"]
[BlackElo "2365"]
[PlyCount "71"]
[EventDate "2014.12.27"]
[EventRounds "4"]
[EventCountry "GER"]
[Source "24. ESF 2014"]
[SourceDate "2014.12.30"]

1. d4 Nf6 2. c4 g6 3. Nc3 d5 4. Nf3 Bg7 5. g3 O-O 6. Bg2 c5 7. dxc5 dxc4 8.
Qxd8 Rxd8 9. Nd2 Na6 10. Nxc4 Be6 11. Na5 Nxc5 12. Be3 Nd5 13. Nxd5 Bxd5 14.
O-O b6 15. Bxc5 bxc5 16. Bxd5 Rxd5 17. Nc4 Rad8 18. Rac1 f5 19. Rfe1 Kf7 20.
Kg2 Bh6 21. Rc2 Bd2 22. Rd1 Bg5 23. Ne5+ Ke6 24. Nd3 Rc8 25. Rc4 Kf7 26. f4 Bf6
27. b4 Ke6 28. bxc5 Rd4 29. Rc2 Rc6 30. Rb1 Rd5 31. Rb5 Bd4 32. Kf3 a6 33. Ra5
Bg1 34. Rc1 Bd4 35. e3 Bf6 36. Nb4 1-0

[Event "24. Erfurter Schachfestival 2014 - Meis"]
[Site "Erfurt"]
[Date "2014.12.29"]
[Round "6.2"]
[White "Teske, Henrik"]
[Black "Lubbe, Nikolas"]
[Result "1-0"]
[WhiteElo "2496"]
[BlackElo "2458"]
[PlyCount "67"]
[EventDate "2014.12.26"]
[EventRounds "8"]
[EventCountry "GER"]
[Source "24. ESF 2014"]
[SourceDate "2014.12.30"]

1. Nf3 Nf6 2. c4 c6 3. Nc3 d5 4. d4 a6 5. Qd3 dxc4 6. Qxc4 Bf5 7. g3 Nbd7 8.
Bg2 e6 9. O-O h6 10. Re1 Be7 11. e4 Bh7 12. Qe2 Bb4 13. Nd2 Nb6 14. a3 Be7 15.
Nb3 O-O 16. Be3 Re8 17. Rac1 a5 18. Red1 a4 19. Nc5 Bxc5 20. dxc5 Nbd7 21. Rd4
Ra5 22. Nxa4 Qa8 23. b3 Rb5 24. Qd1 Nf8 25. b4 e5 26. Rdc4 Ne6 27. Qb3 Rd8 28.
Nb2 Nd4 29. Bxd4 exd4 30. f3 Nd7 31. Nd3 b6 32. a4 bxc5 33. axb5 cxb5 34. Rxc5
1-0

[Event "24. Erfurter Schachfestival 2014 - Meis"]
[Site "Erfurt"]
[Date "2014.12.29"]
[Round "6.3"]
[White "Thinius, Marco"]
[Black "Poetsch, Hagen"]
[Result "0-1"]
[WhiteElo "2333"]
[BlackElo "2496"]
[PlyCount "50"]
[EventDate "2014.12.26"]
[EventRounds "8"]
[EventCountry "GER"]
[Source "24. ESF 2014"]
[SourceDate "2014.12.30"]

1. c4 e6 2. g3 Nf6 3. Bg2 d5 4. Nf3 d4 5. e3 c5 6. O-O Nc6 7. exd4 cxd4 8. d3
h6 9. Bf4 Bd6 10. Bxd6 Qxd6 11. Na3 O-O 12. Re1 a6 13. Nc2 e5 14. b4 Re8 15. c5
Qc7 16. Nd2 Bg4 17. Bf3 Be6 18. Ne4 Nxe4 19. Bxe4 a5 20. Qd2 axb4 21. Nxb4 Ra5
22. Rec1 Rea8 23. Bd5 Nxb4 24. Bxe6 Nxd3 25. Qxd3 fxe6 0-1

[Event "24. Erfurter Schachfestival 2014 - Meis"]
[Site "Erfurt"]
[Date "2014.12.29"]
[Round "6.4"]
[White "Geske, Julian"]
[Black "Levushkina, Elena"]
[Result "1-0"]
[WhiteElo "2399"]
[BlackElo "2292"]
[PlyCount "55"]
[EventDate "2014.12.26"]
[EventRounds "8"]
[EventCountry "GER"]
[Source "24. ESF 2014"]
[SourceDate "2014.12.30"]

1. Nf3 d5 2. g3 Bg4 3. Bg2 c6 4. c4 e6 5. Qb3 Qb6 6. d4 Nd7 7. Nc3 Be7 8. O-O
Ngf6 9. h3 Bf5 10. c5 Qxb3 11. axb3 O-O 12. b4 a6 13. Bf4 h6 14. Nd2 Bh7 15. g4
Rfd8 16. Nb3 Ne8 17. Na5 Ra7 18. b5 e5 19. dxe5 Nxc5 20. bxc6 b6 21. Nb7 Nxb7
22. cxb7 Rxb7 23. Nxd5 Ra7 24. Nxe7+ Rxe7 25. Rxa6 Re6 26. Rc1 f6 27. Ra8 Rxa8
28. Bxa8 1-0

[Event "24. Erfurter Schachfestival 2014 - Meis"]
[Site "Erfurt"]
[Date "2014.12.29"]
[Round "6.5"]
[White "Kollars, Dmitrij"]
[Black "Krause, Benedict"]
[Result "1-0"]
[WhiteElo "2347"]
[BlackElo "2329"]
[PlyCount "109"]
[EventDate "2014.12.26"]
[EventRounds "8"]
[EventCountry "GER"]
[Source "24. ESF 2014"]
[SourceDate "2014.12.30"]

1. e4 c5 2. Nf3 e6 3. b3 a6 4. Bb2 Nc6 5. c4 Qc7 6. Nc3 Nf6 7. Be2 Bd6 8. d4
cxd4 9. Nxd4 Be5 10. Nxc6 Qxc6 11. O-O Nxe4 12. Nxe4 Qxe4 13. Bd3 Qf4 14. Bxe5
Qxe5 15. Re1 Qc5 16. a3 O-O 17. b4 Qe7 18. Re3 g6 19. Qd2 a5 20. Rd1 axb4 21.
axb4 Qf6 22. Rf3 Qg7 23. c5 Ra3 24. Be4 Rxf3 25. Bxf3 Qf6 26. Qd6 Qb2 27. Qb6
Qb3 28. Rf1 Qa4 29. h3 Qa6 30. Qxa6 bxa6 31. Rd1 f5 32. Rd6 Kf7 33. Be2 Ke7 34.
f4 Bb7 35. Rb6 Bd5 36. Bxa6 Ra8 37. Kf2 Ra7 38. g3 h6 39. h4 Rc7 40. Ke3 Rc6
41. Rxc6 Bxc6 42. b5 Bg2 43. b6 d6 44. b7 Bxb7 45. cxd6+ Kxd6 46. Bxb7 e5 47.
fxe5+ Kxe5 48. Bc8 Kf6 49. Kf3 Ke5 50. Bd7 Kf6 51. Be8 Kg7 52. Ke3 Kf6 53. Kd4
g5 54. h5 g4 55. Bg6 {Rest nicht nachvollziehbar} 1-0

[Event "24. Erfurter Schachfestival 2014 - Meis"]
[Site "Erfurt"]
[Date "2014.12.29"]
[Round "6.6"]
[White "Strache, Michael"]
[Black "Souleidis, Georgios"]
[Result "0-1"]
[WhiteElo "2351"]
[BlackElo "2384"]
[PlyCount "82"]
[EventDate "2014.12.26"]
[EventRounds "8"]
[EventCountry "GER"]
[Source "24. ESF 2014"]
[SourceDate "2014.12.30"]

1. Nf3 Nf6 2. d4 g6 3. c4 Bg7 4. Nc3 O-O 5. g3 d6 6. Bg2 Nc6 7. O-O a6 8. h3
Rb8 9. Qd3 b5 10. d5 Na7 11. cxb5 axb5 12. Nd4 b4 13. Nd1 e5 14. dxe6 fxe6 15.
a4 c5 16. Nb3 Qe7 17. Bf4 Rd8 18. g4 Bb7 19. e4 Rbc8 20. Na5 Ba8 21. Re1 Qf8
22. Bg3 d5 23. Qa6 Nc6 24. Nb7 Rd7 25. Nd6 Rcd8 26. exd5 Nxd5 27. Ne4 Nd4 28.
Ne3 Nf4 29. Bh1 Nxh3+ 30. Kh2 Bxe4 31. Kxh3 Bxh1 32. Rxh1 Qf3 33. Rhe1 h5 34.
Rad1 hxg4+ 35. Nxg4 Kf7 36. Nh6+ Bxh6 37. Rxd4 cxd4 38. Qxe6+ Kg7 39. Kh2 Kh7
40. Re4 Qf5 41. Qc6 Qd5 0-1

[Event "24. Erfurter Schachfestival 2014 - Meis"]
[Site "Erfurt"]
[Date "2014.12.29"]
[Round "6.8"]
[White "Berelowitsch, Alexander"]
[Black "Osmanodja, Filiz"]
[Result "1-0"]
[WhiteElo "2543"]
[BlackElo "2295"]
[PlyCount "59"]
[EventDate "2014.12.26"]
[EventRounds "8"]
[EventCountry "GER"]
[Source "24. ESF 2014"]
[SourceDate "2014.12.30"]

1. e4 e5 2. Nf3 Nc6 3. Bb5 a6 4. Ba4 Nf6 5. O-O b5 6. Bb3 Be7 7. Re1 d6 8. c3
O-O 9. h3 Nb8 10. d3 c5 11. Nbd2 Nc6 12. Nf1 Be6 13. Ng3 c4 14. Bc2 cxd3 15.
Bxd3 Qc7 16. a4 Rab8 17. axb5 axb5 18. b4 d5 19. Qe2 d4 20. cxd4 exd4 21. e5
Nd5 22. Ng5 Bxg5 23. Qe4 g6 24. Bxg5 Ncxb4 25. Rac1 Qa7 26. Bb1 Rbc8 27. Rcd1
d3 28. Qh4 Nc2 29. Bf6 Nxf6 30. exf6 {Rest nicht nachvollziehbar} 1-0

[Event "24. Erfurter Schachfestival 2014 - Meis"]
[Site "Erfurt"]
[Date "2014.12.29"]
[Round "6.9"]
[White "Skibbe, Willi"]
[Black "Carlstedt, Jonathan"]
[Result "0-1"]
[WhiteElo "2279"]
[BlackElo "2437"]
[PlyCount "153"]
[EventDate "2014.12.26"]
[EventRounds "8"]
[EventCountry "GER"]
[Source "24. ESF 2014"]
[SourceDate "2014.12.30"]

1. d4 Nf6 2. c4 e6 3. Nc3 Bb4 4. e3 O-O 5. Nge2 d5 6. a3 Bd6 7. cxd5 exd5 8.
Ng3 c6 9. Bd3 Re8 10. O-O Nbd7 11. Qc2 g6 12. Bd2 Nf8 13. b4 Ne6 14. Nce2 h5
15. Rfe1 Qc7 16. f3 h4 17. Nf1 h3 18. e4 dxe4 19. fxe4 hxg2 20. Kxg2 Nf4+ 21.
Nxf4 Bxf4 22. Bc3 Nh5 23. Qf2 Qe7 24. Kh1 Qg5 25. Nd2 Qh6 26. d5 Bg3 27. Qe3
Qxe3 28. Rxe3 Bf4 29. Ree1 Bg4 30. dxc6 Rad8 31. Be2 Bxe2 32. Rxe2 Rd3 33. Rc1
bxc6 34. Rc2 Red8 35. Nf1 Rd1 36. Kg1 Bc7 37. Bd2 R8xd2 38. Rcxd2 Bb6+ 39. Rf2
Ra1 40. Rd3 Nf6 41. Kg2 Bxf2 42. Kxf2 Nxe4+ 43. Ke3 Re1+ 44. Kf3 Ng5+ 45. Kf2
Re5 46. Rd8+ Kg7 47. Ra8 Ne4+ 48. Kg2 Re7 49. Rc8 Re6 50. Ra8 Re7 51. Rc8 f5
52. Rxc6 Ng5 53. Ng3 f4 54. h4 Nf7 55. Nf1 Re2+ 56. Kf3 Re1 57. Kf2 Ra1 58. Ra6
Ne5 59. Rxa7+ Kf6 60. Nd2 Ra2 61. Ke1 f3 62. b5 f2+ 63. Kxf2 Rxd2+ 64. Kg3 Rb2
65. a4 Kf5 66. Ra6 Rb3+ 67. Kg2 Nd7 68. Rd6 Ne5 69. b6 Nc4 70. Rd5+ Ke4 71. Rb5
Rxb5 72. axb5 Nxb6 73. h5 gxh5 74. Kg3 Kf5 75. Kh4 Kg6 76. Kh3 Kg5 77. Kg3 0-1

[Event "24. Erfurter Schachfestival 2014 - Meis"]
[Site "Erfurt"]
[Date "2014.12.29"]
[Round "6.10"]
[White "Sobolevsky, Leonid"]
[Black "Zwahr, Paul"]
[Result "0-1"]
[WhiteElo "2221"]
[BlackElo "2359"]
[PlyCount "72"]
[EventDate "2014.12.26"]
[EventRounds "8"]
[EventCountry "GER"]
[Source "24. ESF 2014"]
[SourceDate "2014.12.30"]

1. e4 e5 2. Nf3 Nc6 3. Bc4 Bc5 4. Nc3 Nf6 5. d3 d6 6. Bg5 h6 7. Bh4 g5 8. Bg3
a6 9. a3 Qe7 10. Nd5 Nxd5 11. Bxd5 Bd7 12. c3 Ba7 13. b4 Nd8 14. a4 Be6 15. Ba2
a5 16. bxa5 Bc5 17. d4 exd4 18. Nxd4 Bxa2 19. Rxa2 O-O 20. Re2 Bxd4 21. cxd4
Rxa5 22. h4 g4 23. O-O Kh7 24. Qd3 Kg7 25. e5 d5 26. f3 Rxa4 27. fxg4 Ra3 28.
Qd2 Rxg3 29. Rf6 Rxg4 30. Qxh6+ Kg8 31. Qh5 Rg6 32. Ref2 Ne6 33. Qd1 Qb4 34.
Rd2 Ra8 35. h5 Rxf6 36. exf6 Ra1 0-1

[Event "24. Erfurter Schachfestival 2014 - Meis"]
[Site "Erfurt"]
[Date "2014.12.29"]
[Round "7.1"]
[White "Vogel, Roven"]
[Black "Teske, Henrik"]
[Result "0-1"]
[WhiteElo "2402"]
[BlackElo "2496"]
[PlyCount "96"]
[EventDate "2014.12.26"]
[EventRounds "8"]
[EventCountry "GER"]
[Source "24. ESF 2014"]
[SourceDate "2014.12.30"]

1. c4 b6 2. Nc3 Bb7 3. e3 e6 4. Nf3 Nf6 5. Be2 d5 6. d4 Nbd7 7. O-O Bd6 8. b3
O-O 9. Bb2 a6 10. Rc1 Qe7 11. Bd3 dxc4 12. Bxc4 Rfd8 13. Qe2 c5 14. dxc5 Nxc5
15. a4 Ng4 16. g3 Qf6 17. e4 Ne5 18. Nxe5 Bxe5 19. b4 Nd7 20. Rfd1 Qe7 21. b5
a5 22. Ba2 Rac8 23. f3 Qb4 24. Qc2 Nc5 25. Ba1 h6 26. Rb1 Rxd1+ 27. Qxd1 Qd4+
28. Kg2 Qxd1 29. Nxd1 Nxe4 30. Bxe5 Rc2+ 31. Kg1 Nd2 32. Bb3 Nxf3+ 33. Kf1
Nxh2+ 34. Ke1 Nf3+ 35. Kf1 Nh2+ 36. Ke1 Nf3+ 37. Kf1 Rh2 38. Bf4 Be4 39. Nf2
Bxb1 40. g4 Rh4 41. Bc7 Nd2+ 42. Kg2 Nxb3 43. Bxb6 f5 44. Be3 Rxg4+ 45. Nxg4
Be4+ 46. Kg3 fxg4 47. Kf4 Bd5 48. b6 Kf7 0-1

[Event "24. Erfurter Schachfestival 2014 - Meis"]
[Site "Erfurt"]
[Date "2014.12.29"]
[Round "7.2"]
[White "Poetsch, Hagen"]
[Black "Kollars, Dmitrij"]
[Result "1/2-1/2"]
[WhiteElo "2496"]
[BlackElo "2347"]
[PlyCount "43"]
[EventDate "2014.12.26"]
[EventRounds "8"]
[EventCountry "GER"]
[Source "24. ESF 2014"]
[SourceDate "2014.12.30"]

1. e4 c5 2. Nf3 Nf6 3. e5 Nd5 4. d4 cxd4 5. Qxd4 e6 6. Bc4 Nc6 7. Qe4 d6 8. O-O
dxe5 9. Nxe5 Nf6 10. Qe2 Nxe5 11. Qxe5 Be7 12. Bb5+ Bd7 13. Rd1 O-O 14. Bxd7
Nxd7 15. Qb5 Qb6 16. Nc3 Qxb5 17. Nxb5 Nf6 18. Bf4 a6 19. Bd6 Bxd6 20. Nxd6 b5
21. c4 bxc4 22. Nxc4 1/2-1/2

[Event "24. Erfurter Schachfestival 2014 - Meis"]
[Site "Erfurt"]
[Date "2014.12.29"]
[Round "7.4"]
[White "Souleidis, Georgios"]
[Black "Wisnet, Dominic"]
[Result "1-0"]
[WhiteElo "2384"]
[BlackElo "2206"]
[PlyCount "103"]
[EventDate "2014.12.26"]
[EventRounds "8"]
[EventCountry "GER"]
[Source "24. ESF 2014"]
[SourceDate "2014.12.30"]

1. e4 c5 2. f4 d5 3. exd5 Qxd5 4. Nc3 Qd8 5. Nf3 Nf6 6. Ne5 e6 7. b3 Be7 8. Bb2
a6 9. Bd3 b6 10. Qe2 Bb7 11. O-O-O O-O 12. Rhf1 c4 13. Bxc4 b5 14. Bd3 Nc6 15.
Nxc6 Bxc6 16. g4 b4 17. Ne4 Nxe4 18. Bxe4 Bxe4 19. Qxe4 Bf6 20. d4 g6 21. g5
Bg7 22. d5 Bxb2+ 23. Kxb2 exd5 24. Rxd5 Qb6 25. Qd4 Qc6 26. Rd6 Qb5 27. Qd3 Qa5
28. f5 Rad8 29. Rxd8 Rxd8 30. Qe4 gxf5 31. Qxf5 Qc7 32. h4 Re8 33. Kb1 Re5 34.
Qf6 Re2 35. Qf5 Qe7 36. a4 bxa3 37. Qc8+ Kg7 38. Qc3+ Qe5 39. Qxe5+ Rxe5 40.
Rf4 a5 41. Ka2 Re2 42. Rc4 h6 43. Kxa3 hxg5 44. hxg5 Re5 45. Rg4 Kg6 46. c4
Rxg5 47. Rxg5+ Kxg5 48. c5 Kf6 49. Ka4 Ke5 50. Kxa5 f5 51. c6 Kd6 52. Kb6 1-0

[Event "24. Erfurter Schachfestival 2014 - Meis"]
[Site "Erfurt"]
[Date "2014.12.29"]
[Round "7.5"]
[White "Zwahr, Paul"]
[Black "Berelowitsch, Alexander"]
[Result "0-1"]
[WhiteElo "2359"]
[BlackElo "2543"]
[PlyCount "70"]
[EventDate "2014.12.26"]
[EventRounds "8"]
[EventCountry "GER"]
[Source "24. ESF 2014"]
[SourceDate "2014.12.30"]

1. e4 e6 2. d4 d5 3. Nc3 Bb4 4. e5 c5 5. a3 Ba5 6. b4 cxd4 7. Qg4 Kf8 8. Nb5
Bb6 9. Nf3 Nc6 10. Bb2 f6 11. Qf4 Nge7 12. exf6 Ng6 13. fxg7+ Kxg7 14. Nbxd4
Nxf4 15. Nxc6+ Qf6 16. Bxf6+ Kxf6 17. Nce5 a5 18. b5 Ng6 19. Nxg6 hxg6 20. c4
Rh7 21. Nd2 Bd7 22. Bd3 Rh4 23. Nf3 Rf4 24. cxd5 exd5 25. O-O Rc8 26. Rac1 Rxc1
27. Rxc1 Ra4 28. Rc3 d4 29. Bc2 dxc3 30. Bxa4 Bxb5 31. Bc2 a4 32. g4 Bc5 33.
g5+ Kg7 34. Ne5 Bxa3 35. Bxg6 Bc1 0-1

[Event "24. Erfurter Schachfestival 2014 - Meis"]
[Site "Erfurt"]
[Date "2014.12.29"]
[Round "7.6"]
[White "Lubbe, Nikolas"]
[Black "Köpke, Christian"]
[Result "1-0"]
[WhiteElo "2458"]
[BlackElo "2333"]
[PlyCount "79"]
[EventDate "2014.12.26"]
[EventRounds "8"]
[EventCountry "GER"]
[Source "24. ESF 2014"]
[SourceDate "2014.12.30"]

1. d4 Nf6 2. c4 g6 3. Nc3 Bg7 4. e4 d6 5. f3 O-O 6. Nge2 a6 7. Be3 Nc6 8. Qd2
Rb8 9. Rb1 Nd7 10. d5 Na5 11. Ng3 c5 12. Bh6 Bxh6 13. Qxh6 Nf6 14. h4 b5 15. h5
Nxc4 16. Bxc4 bxc4 17. e5 dxe5 18. Nce4 Qa5+ 19. Kf2 Nxe4+ 20. Nxe4 Bf5 21.
hxg6 Bxg6 22. d6 f5 23. dxe7 Rf7 24. e8=Q+ Rxe8 25. Nd6 Rd8 26. Nxf7 Rd2+ 27.
Kg3 f4+ 28. Kh2 Kxf7 29. Rbd1 c3 30. bxc3 Qxc3 31. Qg5 Ke6 32. Rhe1 Rxd1 33.
Rxd1 Bd3 34. Qg8+ Ke7 35. Qd5 c4 36. Qb7+ Kf8 37. Qxa6 Qd4 38. Qf6+ Kg8 39. Re1
Qd7 40. Rxe5 1-0

[Event "24. Erfurter Schachfestival 2014 - Meis"]
[Site "Erfurt"]
[Date "2014.12.29"]
[Round "7.7"]
[White "Carlstedt, Jonathan"]
[Black "Zuse, Peter"]
[Result "1-0"]
[WhiteElo "2437"]
[BlackElo "2239"]
[PlyCount "115"]
[EventDate "2014.12.26"]
[EventRounds "8"]
[EventCountry "GER"]
[Source "24. ESF 2014"]
[SourceDate "2014.12.30"]

1. Nf3 Nf6 2. g3 g6 3. Bg2 Bg7 4. O-O O-O 5. d4 d5 6. c4 c6 7. Nc3 dxc4 8. a4
a5 9. e4 Na6 10. Qe2 Nb4 11. Qxc4 Be6 12. Qe2 Bg4 13. Rd1 Qc8 14. Be3 Qe6 15.
h3 Bxf3 16. Bxf3 Qd7 17. Kh2 e6 18. h4 Qe7 19. Rac1 Rfe8 20. h5 e5 21. hxg6
hxg6 22. Kg2 exd4 23. Bxd4 Nd7 24. Qe3 Bxd4 25. Rxd4 Kg7 26. Rh1 Rh8 27. Rdd1
Rxh1 28. Rxh1 Rh8 29. Rxh8 Kxh8 30. Qd4+ Kh7 31. Be2 b6 32. f4 Nc5 33. e5 Qd7
34. Qxd7 Nxd7 35. Ne4 Nd5 36. Kf2 f6 37. exf6 N5xf6 38. Nxf6+ Nxf6 39. Bf3 c5
40. g4 Ne8 41. Kg3 Nd6 42. Kh4 Kg7 43. Be2 Kf6 44. Bd3 Nf7 45. g5+ Kg7 46. f5
gxf5 47. Bxf5 Ne5 48. Kg3 Kf7 49. Kf4 Nc4 50. b3 Nd2 51. Bd3 Kg7 52. Bc4 Nxc4
53. bxc4 Kg6 54. Kg4 Kg7 55. Kf5 Kf7 56. Ke5 Kg6 57. Kd5 Kxg5 58. Kc6 1-0

[Event "24. Erfurter Schachfestival 2014 - Meis"]
[Site "Erfurt"]
[Date "2014.12.29"]
[Round "7.8"]
[White "Wichmann, Cliff"]
[Black "Levushkina, Elena"]
[Result "1-0"]
[WhiteElo "2361"]
[BlackElo "2292"]
[PlyCount "95"]
[EventDate "2014.12.26"]
[EventRounds "8"]
[EventCountry "GER"]
[Source "24. ESF 2014"]
[SourceDate "2014.12.30"]

1. d4 d5 2. c4 dxc4 3. e3 Nf6 4. Bxc4 e6 5. Nf3 c5 6. O-O a6 7. dxc5 Bxc5 8.
Qxd8+ Kxd8 9. Nbd2 Nc6 10. Be2 Ke7 11. Ne1 Rd8 12. Nd3 Ba7 13. b3 Kf8 14. Rd1
Kg8 15. Ba3 Nd5 16. Rac1 Bb8 17. Nf3 Bc7 18. Nc5 Nde7 19. Nxb7 Bxb7 20. Bxe7
Rxd1+ 21. Bxd1 Ba5 22. Ba3 h6 23. Be2 Rd8 24. h3 Na7 25. Bc5 Rc8 26. Rc4 Nb5
27. Bd4 Nxd4 28. Rxc8+ Bxc8 29. Nxd4 Kf8 30. Kf1 Ke8 31. Nc2 Kd7 32. b4 Bd8 33.
Ke1 Kd6 34. Na3 Kc6 35. Nc4 Bc7 36. a4 e5 37. Bf3+ Kd7 38. b5 axb5 39. axb5 f5
40. Bd5 Bd6 41. Nb6+ Kc7 42. Nxc8 Kxc8 43. Be6+ Kc7 44. Bxf5 Kb6 45. Bd3 Kc5
46. Ke2 Bc7 47. Kf3 Kd5 48. Bg6 1-0

[Event "24. Erfurter Schachfestival 2014 - Meis"]
[Site "Erfurt"]
[Date "2014.12.29"]
[Round "7.9"]
[White "Ohme, Melanie"]
[Black "Schöne, Maria"]
[Result "1/2-1/2"]
[WhiteElo "2301"]
[BlackElo "2236"]
[PlyCount "87"]
[EventDate "2014.12.26"]
[EventRounds "8"]
[EventCountry "GER"]
[Source "24. ESF 2014"]
[SourceDate "2014.12.30"]

1. d4 Nf6 2. Nc3 d5 3. Bg5 Nbd7 4. Qd3 e6 5. e4 dxe4 6. Nxe4 Be7 7. Nxf6+ Nxf6
8. O-O-O Qd5 9. Qb5+ Qxb5 10. Bxb5+ Bd7 11. Bd3 Ng4 12. Bxe7 Kxe7 13. Rd2 Bc6
14. f3 Nf6 15. Ne2 b6 16. Re1 Rhd8 17. c3 Kf8 18. Bc2 Bb7 19. Nf4 Rac8 20. Nd3
h6 21. a3 Ba6 22. Re5 Bb7 23. b4 Rd5 24. Bb3 Rdd8 25. Kc2 Ra8 26. Nb2 Nd7 27.
Re1 a5 28. c4 axb4 29. axb4 Nf6 30. Nd1 Ne8 31. Nc3 Nf6 32. Ne4 Nxe4 33. fxe4
Bc6 34. e5 b5 35. Rf1 bxc4 36. Bxc4 Bd5 37. Bxd5 Rxd5 38. Kc3 c6 39. g4 Rb5 40.
Rdf2 Ra7 41. Rb1 Rd5 42. Rf4 Kg8 43. h4 Ra2 44. Rb2 1/2-1/2

[Event "24. Erfurter Schachfestival 2014 - Meis"]
[Site "Erfurt"]
[Date "2014.12.29"]
[Round "7.10"]
[White "Krause, Benedict"]
[Black "Steinacker, Alex"]
[Result "1-0"]
[WhiteElo "2329"]
[BlackElo "2131"]
[PlyCount "44"]
[EventDate "2014.12.26"]
[EventRounds "8"]
[EventCountry "GER"]
[Source "24. ESF 2014"]
[SourceDate "2014.12.30"]

1. e4 c5 2. Nf3 Qa5 3. g3 g6 4. Bg2 Bg7 5. O-O Nf6 6. Re1 Nc6 7. c3 O-O 8. d4
cxd4 9. cxd4 d5 10. e5 Ne4 11. Nbd2 Nxd2 12. Bxd2 Qb6 13. Bc3 Rd8 14. Qd2 a5
15. h4 h5 16. Ng5 Bh6 17. e6 f5 18. Qe2 Bxg5 19. hxg5 Rd6 20. Qd2 Kh7 21. g4
Bxe6 22. gxh5 gxh5 {"24. Erfurter Schachfestival Amate"]} 1-0